<?xml version="1.0" encoding="UTF-8"?>
<record
    xmlns:xsi="http://www.w3.org/2001/XMLSchema-instance"
    xsi:schemaLocation="http://www.loc.gov/MARC21/slim http://www.loc.gov/standards/marcxml/schema/MARC21slim.xsd"
    xmlns="http://www.loc.gov/MARC21/slim">

  <leader>00340nam a22001217a 4500</leader>
  <datafield tag="040" ind1=" " ind2=" ">
    <subfield code="c">Nust</subfield>
  </datafield>
  <datafield tag="082" ind1=" " ind2=" ">
    <subfield code="a">297</subfield>
  </datafield>
  <datafield tag="100" ind1=" " ind2=" ">
    <subfield code="a">Dr. Abdul Ghani Farooq</subfield>
    <subfield code="9">127271</subfield>
  </datafield>
  <datafield tag="245" ind1=" " ind2=" ">
    <subfield code="a">  &#x6C1;&#x645; &#x6A9;&#x6CC;&#x648;&#x6BA; &#x645;&#x633;&#x644;&#x645;&#x627;&#x646; &#x6C1;&#x648;&#x626;&#x6D2;</subfield>
  </datafield>
  <datafield tag="260" ind1=" " ind2=" ">
    <subfield code="a">Lahore {</subfield>
    <subfield code="b">Maktaba Tameer -e- insaniat,</subfield>
  </datafield>
  <datafield tag="650" ind1=" " ind2=" ">
    <subfield code="a">  &#x6C1;&#x645; &#x6A9;&#x6CC;&#x648;&#x6BA; &#x645;&#x633;&#x644;&#x645;&#x627;&#x646; &#x6C1;&#x648;&#x626;&#x6D2;</subfield>
    <subfield code="9">127272</subfield>
  </datafield>
  <datafield tag="942" ind1=" " ind2=" ">
    <subfield code="2">ddc</subfield>
    <subfield code="c">BK</subfield>
  </datafield>
  <datafield tag="999" ind1=" " ind2=" ">
    <subfield code="c">612463</subfield>
    <subfield code="d">612463</subfield>
  </datafield>
  <datafield tag="952" ind1=" " ind2=" ">
    <subfield code="0">0</subfield>
    <subfield code="1">0</subfield>
    <subfield code="2">ddc</subfield>
    <subfield code="4">0</subfield>
    <subfield code="7">0</subfield>
    <subfield code="a">CEME</subfield>
    <subfield code="b">CEME</subfield>
    <subfield code="c">GEN</subfield>
    <subfield code="d">2024-12-31</subfield>
    <subfield code="l">0</subfield>
    <subfield code="o">297</subfield>
    <subfield code="p">CEME- 31309</subfield>
    <subfield code="r">2024-12-31</subfield>
    <subfield code="w">2024-12-31</subfield>
    <subfield code="y">BK</subfield>
  </datafield>
</record>
